|
|
|
|
| LEADER |
00000nam a22000007a 4500 |
| 005 |
20111130102345.0 |
| 007 |
cr|||| |||| |
| 008 |
111130s2011 sp |||||s|||| 00||0 spa d |
| 020 |
|
|
|a 978-84-938263-5-2
|
| 035 |
|
|
|a 6088
|
| 040 |
|
|
|a vLex
|
| 090 |
|
|
|c 2808
|d 2808
|
| 245 |
0 |
3 |
|a El cierre fiscal y contable de 2011
|h [Recurso electrn̤ico]
|
| 256 |
|
|
|a Servicio en ln̕ea
|
| 260 |
|
|
|a Barcelona :
|b Planificacin̤ Jurd̕ica,
|c 2011
|
| 300 |
|
|
|a 1 recurso electrn̤ico
|
| 506 |
1 |
|
|a Contenido solo disponible en los productos indicados
|d vLex Global
|d vLex Global (Academic Edition, excluding Law Schools)
|d vLex Global (U.S. Academic Edition, Law Schools)
|d vLex Global (U.S. Academic Edition, excluding Law Schools)
|d vLex Global (Academic Edition, Law Schools)
|
| 650 |
0 |
4 |
|a Impuestos
|z Espaą
|
| 650 |
0 |
4 |
|a Contabiblidad
|z Espaą
|
| 740 |
0 |
|
|a vLex Libros (Servicio en ln̕ea)
|
| 856 |
4 |
0 |
|u http://vlex.com/source/cierre-fiscal-contable-2011-6088
|z Acceso restringido
|
| 942 |
|
|
|c BOOK
|